
Library Catalogue

| 000 -LEADER | |
|---|---|
| fixed length control field | 00777nam a2200217Ia 4500 |
| 003 - CONTROL NUMBER IDENTIFIER | |
| control field | OSt |
| 005 - DATE AND TIME OF LATEST TRANSACTION | |
| control field | 20220104133841.0 |
| 008 - FIXED-LENGTH DATA ELEMENTS--GENERAL INFORMATION | |
| fixed length control field | 160316s1997 xxu||||| |||| 00| 0 eng d |
| 020 ## - INTERNATIONAL STANDARD BOOK NUMBER | |
| International Standard Book Number | 1884964575 |
| 040 ## - CATALOGING SOURCE | |
| Transcribing agency | . |
| 082 ## - DEWEY DECIMAL CLASSIFICATION NUMBER | |
| Classification number | 344.046 MAG-1 |
| Item number | MAG-I |
| 100 ## - MAIN ENTRY--PERSONAL NAME | |
| Personal name | Magill Frank N |
| 245 ## - TITLE STATEMENT | |
| Title | Chronology of twentieth-century history Vol. I : Ecology and the environment |
| 260 ## - PUBLICATION, DISTRIBUTION, ETC. | |
| Place of publication, distribution, etc. | London |
| Name of publisher, distributor, etc. | Fitzroy Dearborn Publishers |
| Date of publication, distribution, etc. | 1997 |
| 300 ## - PHYSICAL DESCRIPTION | |
| Extent | 770p |
| Dimensions | xi |
| 365 ## - TRADE PRICE | |
| Price amount | Rs.12,677.50 |
| 505 ## - FORMATTED CONTENTS NOTE | |
| Formatted contents note | Contents;<br/>Editor’s <br/>Contributing Essayists <br/>Chronology; Ecology And The Environment<br/>Alphabetical List Of Events<br/>Select/Key Word Index<br/>Category Index<br/>Principal Personages<br/><br/> |
| 650 ## - SUBJECT ADDED ENTRY--TOPICAL TERM | |
| Topical term or geographic name entry element | 1. Environmental Chronological Events - U S A |
| 700 ## - ADDED ENTRY--PERSONAL NAME | |
| Personal name | |
| -- | |
| 942 ## - ADDED ENTRY ELEMENTS (KOHA) | |
| Source of classification or shelving scheme | Dewey Decimal Classification |
| Koha item type | BOOKs |
| Withdrawn status | Lost status | Damaged status | Not for loan | Home library | Current library | Shelving location | Date acquired | Cost, normal purchase price | Total Checkouts | Full call number | Barcode | Date last seen | Price effective from | Koha item type |
|---|---|---|---|---|---|---|---|---|---|---|---|---|---|---|
| . | . | Library Compactors | 30.05.2017 | 12677.50 | 344.046 MAG-I | 15918 | 30.05.2017 | 30.05.2017 | BOOKs |